Virtus VRML toolkit
Na minha lista:
| Formato: | Livro |
|---|---|
| Idioma: | Undetermined |
| Publicado em: |
Indianapolis, Indiana
Hayden Books
1995
|
| Assuntos: | |
| Tags: |
Adicionar Tag
Sem tags, seja o primeiro a adicionar uma tag!
|
| Thư viện lưu trữ: | Trung tâm Học liệu Trường Đại học Cần Thơ |
|---|
| LEADER | 00607nam a2200157Ia 4500 | ||
|---|---|---|---|
| 001 | CTU_117677 | ||
| 008 | 210402s9999 xx 000 0 und d | ||
| 082 | |a 005.758 | ||
| 082 | |b V819 | ||
| 245 | 0 | |a Virtus VRML toolkit | |
| 260 | |a Indianapolis, Indiana | ||
| 260 | |b Hayden Books | ||
| 260 | |c 1995 | ||
| 650 | |a Client/server computing,Computer programming (electronic computers),Computer programs - study and teaching,Database administration,Internet (computer network) - study and teaching,VRML (computer program language) | ||
| 904 | |i M.Loan | ||
| 980 | |a Trung tâm Học liệu Trường Đại học Cần Thơ | ||